000 00237 a2200097 4500
001 46294
100 _aSherman, M
245 _aA single service for Canada?
260 _aLondon
_bInstitute for Strategic Studies
_c
090 _c29408
_d29408
942 _aNUST-CAE
_c
_c21567
999 _c281367
_d281367